Mis primeros valores con Jesus / (Record no. 29064)
[ view plain ]
| 000 -LEADER | |
|---|---|
| fixed length control field | 00628nam a22002057a 4500 |
| 001 - CONTROL NUMBER | |
| control field | sjds |
| 003 - CONTROL NUMBER IDENTIFIER | |
| control field | sjds |
| 005 - DATE AND TIME OF LATEST TRANSACTION | |
| control field | 20240203131912.0 |
| 008 - FIXED-LENGTH DATA ELEMENTS--GENERAL INFORMATION | |
| fixed length control field | 240203b |||||||| |||| 00| 0 spa d |
| 020 ## - INTERNATIONAL STANDARD BOOK NUMBER | |
| International Standard Book Number | 9789930955949 |
| 040 ## - CATALOGING SOURCE | |
| Transcribing agency | sjds |
| 041 ## - LANGUAGE CODE | |
| Language code of text/sound track or separate title | spa |
| 100 1# - MAIN ENTRY--PERSONAL NAME | |
| Personal name | Chacon, Carla, |
| 245 10 - TITLE STATEMENT | |
| Title | Mis primeros valores con Jesus / |
| Statement of responsibility, etc. | Carla Chacon, Holly Davidson y Sandra Davidson ; ilustradora, Holly Davidson. |
| 260 ## - PUBLICATION, DISTRIBUTION, ETC. (IMPRINT) | |
| Place of publication, distribution, etc. | San Jose, Costa Rica : |
| Name of publisher, distributor, etc. | Asociacion Proyecto Jesus para los ninos, |
| Date of publication, distribution, etc. | 2016 |
| 300 ## - PHYSICAL DESCRIPTION | |
| Extent | 1 vol. |
| 700 10 - ADDED ENTRY--PERSONAL NAME | |
| Personal name | Davidson, Holly |
| Relator term | author |
| -- | illustrator |
| 700 10 - ADDED ENTRY--PERSONAL NAME | |
| Personal name | Davidson, Sandra |
| Relator term | author |
| 942 ## - ADDED ENTRY ELEMENTS (KOHA) | |
| Koha item type | Libro/Book |
| Withdrawn status | Lost status | Damaged status | Not for loan | Home library | Current library | Date acquired | Total Checkouts | Total Renewals | Full call number | Barcode | Checked out | Date last seen | Date checked out | Price effective from | Koha item type |
|---|---|---|---|---|---|---|---|---|---|---|---|---|---|---|---|
| San Juan Del Sur -- Mobile | San Juan Del Sur -- Biblioteca | 03/02/2024 | 1 | JREL | 33017667 | 16/04/2024 | 12/03/2024 | 12/03/2024 | 03/02/2024 | Libro/Book | |||||
| San Juan Del Sur -- Mobile | Sapoa | 03/02/2024 | 4 | 4 | JREL | 33017662 | 05/12/2024 | 31/10/2024 | 31/10/2024 | 03/02/2024 | Libro/Book |